Welcome to Marium Abdulla Library

Embrace knowledge with a breath of fresh air.

Browse Collection

Marium Abdulla Library

Better homes and gardens decorting Book (Record no. 5629)

MARC details
000 -LEADER
fixed length control field 00391nam a2200169Ia 4500
001 - CONTROL NUMBER
control field 6205
005 - DATE AND TIME OF LATEST TRANSACTION
control field 20250626025553.0
008 - FIXED-LENGTH DATA ELEMENTS--GENERAL INFORMATION
fixed length control field 211022s9999 xx 000 0 und d
082 ## - DEWEY DECIMAL CLASSIFICATION NUMBER
Classification number 747.213 WIL
100 ## - MAIN ENTRY--PERSONAL NAME
Personal name Wilson, Pamela ( Ed )
245 #0 - TITLE STATEMENT
Title Better homes and gardens decorting Book
260 ## - PUBLICATION, DISTRIBUTION, ETC.
Place of publication, distribution, etc. Desmoines
260 ## - PUBLICATION, DISTRIBUTION, ETC.
Name of publisher, distributor, etc. William Collins
260 ## - PUBLICATION, DISTRIBUTION, ETC.
Date of publication, distribution, etc. 2003
300 ## - PHYSICAL DESCRIPTION
Extent vp
942 ## - ADDED ENTRY ELEMENTS (KOHA)
Koha item type Book
Holdings
Date last seen Total checkouts Full call number Barcode Price effective from Koha item type Lost status Damaged status Not for loan Collection Withdrawn status Home library Current library Shelving location Date acquired Cost, normal purchase price
10/26/2021   747.213 WIL 6205 10/26/2021 Book       Interior Design   Marium Abdulla Library Marium Abdulla Library Non-Ref 12/03/2007 2500.00